<?xml version="1.0" encoding="UTF-8"?>
<marc:record xmlns:marc="http://www.loc.gov/MARC21/slim">
   <marc:leader>00000nam a2200000 a 4500</marc:leader>
   <marc:datafield ind1="1" ind2=" " tag="100">
      <marc:subfield code="a">Zaeri-Esfahani, Mehrnousch</marc:subfield>
      <marc:subfield code="4">aut</marc:subfield>
      <marc:subfield code="e">Verfasser/-in</marc:subfield>
   </marc:datafield>
   <marc:datafield ind1="0" ind2="0" tag="245">
      <marc:subfield code="a">Das Mondmädchen</marc:subfield>
   </marc:datafield>
   <marc:datafield ind1="0" ind2="0" tag="245">
      <marc:subfield code="c">Zaeri-Esfahani, Mehrnousch</marc:subfield>
   </marc:datafield>
   <marc:datafield ind1=" " ind2="1" tag="264">
      <marc:subfield code="a">München</marc:subfield>
      <marc:subfield code="b">Knesebeck</marc:subfield>
      <marc:subfield code="c">2016</marc:subfield>
   </marc:datafield>
   <marc:datafield ind1="1" ind2=" " tag="520">
      <marc:subfield code="a">Quelle: bn.bibliotheksnachrichten (http://www.biblio.at/literatur/bn/index.html); &#xD;
Autor: Birgit Leitner; &#xD;
Ein wunderbares Märchen, bei dem die Flucht einer Familie aus der Perspektive der ältesten Tochter erzählt wird. (ab 8) (JE)&#xD;
In einer warmen und schönen Bildsprache erlebt die Leserschaft die Dramatik, die Todesangst und die Grausamkeit während der Flucht aus dem Land der bösen "Blutroten", die den Menschen Furcht einflößt und sie mit dem Tod bestraft. Mit vier Kindern muss die Familie von Mahtab im dunklen Auto fliehen, kommt in einem Flüchtlingslager an und muss auf die Weiterfahrt warten.&#xD;
Mahtab hat die Gabe, mit Tieren zu sprechen, und liebt ihre Katzen. Diese treuen Begleiter in der Traumwelt des Mädchens ermöglichen es ihr, die Flucht zu überstehen. Auch die Geschichten der Großmutter halten die Erinnerung an die verlorene Heimat wach und helfen der Mutter, nach einem Zusammenbruch wieder auf die Beine zu kommen.&#xD;
Fast ohne Übergang wechseln die Szenen der glücklichen Reise in das fantastische Traumland Athabasca mit den schrecklichen Erfahrungen des unsicheren Unterwegsseins in die erhoffte Sicherheit. So lernt die kleine Mahtab, dass sie auf sich selbst vertrauen kann und dass die Kraft zum Leben in ihr selber liegt. Dieses Kinderbuch greift die aktuelle Flüchtlingssituation berührend und einfühlsam auf - auch das Leid und den Schrecken der Flucht.</marc:subfield>
   </marc:datafield>
   <marc:datafield ind1=" " ind2=" " tag="020">
      <marc:subfield code="a">9783868739565</marc:subfield>
      <marc:subfield code="9">9783868739565</marc:subfield>
   </marc:datafield>
   <marc:datafield ind1=" " ind2=" " tag="020">
      <marc:subfield code="a">3868739564</marc:subfield>
      <marc:subfield code="9">3868739564</marc:subfield>
   </marc:datafield>
   <marc:datafield ind1=" " ind2=" " tag="041">
      <marc:subfield code="a">ger</marc:subfield>
   </marc:datafield>
   <marc:datafield ind1=" " ind2=" " tag="300">
      <marc:subfield code="b">Ill.</marc:subfield>
   </marc:datafield>
   <marc:datafield ind1=" " ind2=" " tag="338">
      <marc:subfield code="a">Band</marc:subfield>
   </marc:datafield>
   <marc:datafield ind1=" " ind2=" " tag="300">
      <marc:subfield code="a">143 S.</marc:subfield>
   </marc:datafield>
</marc:record>
